000 00785nam a2200217 i 4500
001 184453
003 ES-MaACL
005 20230906222211.0
008 150831s1921 sp c |||| | spa d
100 1 _aLinares Rivas, Manuel.
_972355
245 1 0 _aToninadas
_b: bufonada heroica en un prólogo y tres jornadas /
_coriginal de Manuel Linares Rivas.
260 _aMadrid :
_bPrensa Popular,
_c[1921]
300 _a[36] p. ;
_c19 cm.
490 1 _aLa novela teatral, Año VI ;
_v246 - Madrid, ag. 1921
597 _aP. sin numerar.
599 _aEn cub.: caricatura del maestro Tolosa, por Tovar.
700 0 _aTovar
_c, ilustrador.
_9157378
830 0 _aLa novela teatral, Año VI ;
_v246 - Madrid, ag. 1921
_9192161
852 _aES-MaACL
_j2332-F-3
999 _c184453
_d184453